[Event "C.to Italiano Semifinale"]
[Site "Massafra ITA"]
[Date "2005.06.19"]
[Round "2"]
[White "Pizzuto, Samuele Tullio"]
[Black "Armentano, Alessio"]
[Result "1-0"]
[WhiteElo "2181"]
[BlackElo "2092"]
[PlyCount "85"]
[EventDate "2005.06.18"]

1. Nc3 d5 2. d4 Nf6 3. Bg5 Nbd7 4. e3 e6 5. Qf3 c6 6. O-O-O Qc7 7. Kb1 a6 8. e4
Be7 9. e5 Ng8 10. h4 b5 11. Nh3 Nb6 12. Bd3 b4 13. Ne2 c5 14. Bxe7 Qxe7 15.
dxc5 Nd7 16. Qg3 g6 17. c6 Nc5 18. Nd4 Nxd3 19. cxd3 Qc5 20. Qe3 Ne7 21. Rc1
Qa7 22. h5 Qc7 23. Ng5 Nf5 24. Nxf5 gxf5 25. h6 Qe7 26. Rh3 f6 27. exf6 Qxf6
28. f4 d4 29. Qf3 a5 30. Qg3 Qg6 31. Rc5 Ra7 32. Qf2 Qf6 33. Nf3 Rg8 34. Nxd4
a4 35. Re5 Ra6 36. Rhe3 Rg6 37. Re1 Kf7 38. Qe3 a3 39. Rxf5 Qxf5 40. Nxf5 Rxc6
41. Qa7+ Kf6 42. Qd4+ Kf7 43. Nd6+ 1-0

[Event "C.to Italiano Semifinale"]
[Site "Massafra ITA"]
[Date "2005.06.20"]
[Round "3"]
[White "Armentano, Alessio"]
[Black "Di Michele, Rocco"]
[Result "0-1"]
[WhiteElo "2092"]
[BlackElo "2089"]
[PlyCount "134"]
[EventDate "2005.06.18"]

1. e4 c6 2. d4 d5 3. Nc3 dxe4 4. Nxe4 Nd7 5. Ng5 Ngf6 6. Bd3 e6 7. N1f3 Bd6 8.
O-O O-O 9. Qe2 Qc7 10. Re1 h6 11. Ne4 Bf4 12. c3 b6 13. g3 Bxc1 14. Raxc1 Bb7
15. Nxf6+ Nxf6 16. Ne5 c5 17. Ng4 Nxg4 18. Qxg4 Rad8 19. Qe2 cxd4 20. cxd4 Qd6
21. Rcd1 Rd7 22. Be4 Bxe4 23. Qxe4 Rfd8 24. Re2 Qd5 25. b3 Qxe4 26. Rxe4 Rd6
27. Kf1 Kf8 28. f4 Rd5 29. Ke2 Ke7 30. Ke3 Rc8 31. Re5 Kd6 32. Rxd5+ Kxd5 33.
Kd3 b5 34. Re1 f6 35. Kd2 Rc6 36. Kd3 b4 37. f5 e5 38. dxe5 fxe5 39. Rf1 e4+
40. Kd2 Kd4 41. Rf4 Ra6 42. f6 Rxa2+ 43. Kd1 gxf6 44. Rxf6 Rxh2 45. Rf7 a5 46.
Ra7 Rg2 47. Rxa5 Rxg3 48. Rh5 Rxb3 49. Rxh6 Rb2 50. Kc1 Rg2 51. Rb6 Kc3 52.
Rc6+ Kb3 53. Re6 Rg4 54. Re8 Kc3 55. Rc8+ Kd3 56. Rd8+ Ke2 57. Rd4 b3 58. Rb4
Rg1+ 59. Kb2 e3 60. Rxb3 Kf2 61. Rb8 e2 62. Rf8+ Kg3 63. Rg8+ Kf2 64. Rf8+ Ke3
65. Re8+ Kd3 66. Rd8+ Kc4 67. Rc8+ Kb5 0-1

[Event "C.to Italiano Semifinale"]
[Site "Massafra ITA"]
[Date "2005.06.20"]
[Round "3"]
[White "Astengo, Marcello"]
[Black "Pizzuto, Samuele Tullio"]
[Result "0-1"]
[WhiteElo "2120"]
[BlackElo "2181"]
[PlyCount "80"]
[EventDate "2005.06.18"]

1. d4 d5 2. c4 Nc6 3. cxd5 Qxd5 4. Nf3 e5 5. Nc3 Bb4 6. Bd2 Bxc3 7. Bxc3 e4 8.
Ng1 Nf6 9. e3 O-O 10. Ne2 Ne7 11. Nf4 Qf5 12. Bc4 Ned5 13. Nxd5 Nxd5 14. O-O
Be6 15. Qe2 Qg5 16. Kh1 Rad8 17. Bd2 Rfe8 18. Rac1 c6 19. a4 Qh4 20. b4 Rd6 21.
g3 Qh3 22. f3 Bf5 23. Kg1 Rh6 24. Rf2 Rg6 25. Ba2 h5 26. Qf1 Qh4 27. Bb1 Qe7
28. b5 h4 29. Rg2 exf3 30. Qxf3 Bg4 31. Qf2 h3 32. Bxg6 hxg2 33. bxc6 bxc6 34.
Rxc6 fxg6 35. Rxg6 Qe4 36. Rg5 Bf3 37. h4 Rb8 38. Re5 Qg4 39. e4 Qh3 40. Qxf3
Qh1+ 0-1

[Event "C.to Italiano Semifinale"]
[Site "Massafra ITA"]
[Date "2005.06.20"]
[Round "3"]
[White "Delfino, Luigi"]
[Black "Cucinella, Vincenzo"]
[Result "1-0"]
[WhiteElo "2078"]
[BlackElo "2113"]
[PlyCount "51"]
[EventDate "2005.06.18"]

1. e4 c5 2. Nf3 e6 3. d4 cxd4 4. Nxd4 a6 5. c4 Nf6 6. Bd3 Qc7 7. O-O b6 8. Qe2
d6 9. Nc3 Bb7 10. Kh1 Nc6 11. Nxc6 Bxc6 12. Nd5 Qb7 13. Bg5 Nd7 14. f4 f6 15.
Bh4 O-O-O 16. b4 exd5 17. exd5 Ba4 18. c5 Kb8 19. c6 Qc7 20. cxd7 Qxd7 21. Bxa6
Re8 22. Qd3 g5 23. Bf2 b5 24. Rac1 Be7 25. Qd4 Rc8 26. Qb6+ 1-0

[Event "C.to Italiano Semifinale"]
[Site "Massafra ITA"]
[Date "2005.06.20"]
[Round "3"]
[White "Malta, Gaetano"]
[Black "Martorelli, Antonio"]
[Result "0-1"]
[WhiteElo "1718"]
[BlackElo "2273"]
[PlyCount "76"]
[EventDate "2005.06.18"]

1. e4 c5 2. Nf3 e6 3. d4 cxd4 4. Nxd4 a6 5. Nc3 b5 6. a3 Bb7 7. Be2 d6 8. O-O
Nf6 9. Bf3 Nbd7 10. Bg5 Be7 11. Qe2 O-O 12. Nb3 h6 13. Bf4 Rc8 14. Rad1 Qc7 15.
Rd3 e5 16. Be3 Rfe8 17. Qd2 Bf8 18. Rc1 d5 19. Nxd5 Bxd5 20. exd5 e4 21. Rc3
Qe5 22. Bf4 Qf5 23. Rxc8 Rxc8 24. Be2 Nxd5 25. Bg3 N7b6 26. Nd4 Qf6 27. c3 g6
28. Re1 h5 29. h3 Kh7 30. Bf1 Bh6 31. Qd1 h4 32. Bh2 e3 33. Qf3 Qxf3 34. Nxf3
Na4 35. fxe3 Bxe3+ 36. Kh1 Nxb2 37. Ne5 f6 38. Ng4 Rxc3 0-1

[Event "C.to Italiano Semifinale"]
[Site "Massafra ITA"]
[Date "2005.06.20"]
[Round "3"]
[White "Scalcione, Michelangelo"]
[Black "Ariete, Gerardo"]
[Result "1-0"]
[WhiteElo "2242"]
[BlackElo "2101"]
[PlyCount "99"]
[EventDate "2005.06.18"]

1. Nf3 Nf6 2. c4 c5 3. Nc3 Nc6 4. g3 d6 5. Bg2 g6 6. O-O Bg4 7. h3 Be6 8. b3
Bg7 9. Rb1 Qc8 10. Kh2 h5 11. h4 Bf5 12. Ra1 a6 13. Bb2 Rb8 14. d3 b5 15. Qd2
e5 16. Ng5 Qd7 17. f3 Qc7 18. Nd5 Nxd5 19. cxd5 Ne7 20. e4 Bd7 21. f4 f6 22.
fxe5 dxe5 23. Nf3 O-O 24. Rac1 Qd6 25. Qe3 Rfc8 26. Ba3 b4 27. Bb2 Kh7 28. Rc2
a5 29. Bc1 Ng8 30. Nd2 Nh6 31. Qe1 Bb5 32. Nc4 Ng4+ 33. Kg1 Bxc4 34. dxc4 Rf8
35. Bh3 f5 36. Qe2 Rf7 37. Bg5 Rbf8 38. Rcc1 Ra8 39. Bxg4 hxg4 40. h5 Rh8 41.
Bh4 Bf8 42. hxg6+ Qxg6 43. exf5 Rxf5 44. Rxf5 Qxf5 45. Rf1 Qh5 46. Qe4+ Qg6 47.
Rf7+ Bg7 48. Qxg6+ Kxg6 49. Rxg7+ Kxg7 50. d6 1-0

[Event "C.to Italiano Semifinale"]
[Site "Massafra ITA"]
[Date "2005.06.21"]
[Round "4"]
[White "Crudele, Michele"]
[Black "Malta, Gaetano"]
[Result "1-0"]
[WhiteElo "1969"]
[BlackElo "1718"]
[PlyCount "67"]
[EventDate "2005.06.18"]

1. d4 Nf6 2. Nf3 b6 3. Bg5 Bb7 4. Nbd2 h6 5. Bh4 g5 6. Bg3 d6 7. e3 Ne4 8. Nxe4
Bxe4 9. Nd2 Bb7 10. Bb5+ Nd7 11. h4 e6 12. Qh5 c6 13. Bd3 Nf6 14. Qe2 g4 15. h5
Be7 16. e4 Qc7 17. e5 Nd7 18. Nc4 dxe5 19. dxe5 Nc5 20. Nd6+ Bxd6 21. exd6 Qd7
22. Be5 O-O-O 23. b4 Nxd3+ 24. Qxd3 Rhg8 25. O-O Rdf8 26. Bf6 Re8 27. Rfe1 e5
28. Rad1 Re6 29. Be7 Rxe7 30. dxe7 Qxe7 31. Qf5+ Qe6 32. Qxe6+ fxe6 33. Rxe5
Re8 34. Rd6 1-0

[Event "C.to Italiano Semifinale"]
[Site "Massafra ITA"]
[Date "2005.06.21"]
[Round "4"]
[White "Cucinella, Vincenzo"]
[Black "Astengo, Marcello"]
[Result "1-0"]
[WhiteElo "2113"]
[BlackElo "2120"]
[PlyCount "99"]
[EventDate "2005.06.18"]

1. d4 d5 2. Nf3 Nf6 3. c4 e6 4. Nc3 c6 5. cxd5 exd5 6. Bg5 Nbd7 7. Qc2 Qa5 8.
e3 Ne4 9. Bd3 f5 10. Bf4 Be7 11. O-O O-O 12. Ne5 Ndf6 13. f3 Nd6 14. Bg5 Be6
15. Ne2 Rae8 16. Ng3 Nd7 17. Bxe7 Rxe7 18. a3 g6 19. f4 Kg7 20. Ne2 Ne4 21.
Bxe4 dxe4 22. Nxd7 Rxd7 23. b4 Qa6 24. Nc1 Rc8 25. Rf2 b6 26. Rd2 Qc4 27. Qb2
Kf7 28. Rc2 Qa6 29. Ne2 Bc4 30. Rac1 Bd3 31. Rd2 Rdc7 32. Nc3 Qb7 33. Qb3+ Kg7
34. Na4 Qa6 35. Nb2 c5 36. dxc5 bxc5 37. Nxd3 exd3 38. b5 Qb7 39. Rxd3 c4 40.
Qb2+ Kh6 41. Rdc3 Rc5 42. e4 fxe4 43. g4 e3 44. g5+ Kh5 45. Qe2+ Kh4 46. Rxe3
Qd7 47. Qf2+ Kh5 48. Rg3 h6 49. Qf3+ Kh4 50. Rc3 1-0

[Event "C.to Italiano Semifinale"]
[Site "Massafra ITA"]
[Date "2005.06.21"]
[Round "4"]
[White "Di Michele, Rocco"]
[Black "Delfino, Luigi"]
[Result "1/2-1/2"]
[WhiteElo "2089"]
[BlackElo "2078"]
[PlyCount "60"]
[EventDate "2005.06.18"]

1. b3 Nf6 2. Bb2 g6 3. Bxf6 exf6 4. c4 Bg7 5. Nc3 f5 6. Rc1 b6 7. Nf3 Bb7 8. g3
Bxf3 9. exf3 O-O 10. Be2 Nc6 11. O-O f4 12. Re1 h5 13. Bf1 fxg3 14. hxg3 h4 15.
Bh3 Bd4 16. Kg2 Kg7 17. f4 Rh8 18. Qg4 f5 19. Qe2 Qf6 20. Nd5 Qd6 21. g4 Raf8
22. gxf5 gxf5 23. Kh1 Bf6 24. Rg1+ Kh6 25. Nxf6 Qxf6 26. Rg5 Qf7 27. Rxf5 Nd4
28. Rxf7 Nxe2 29. Rxf8 Rxf8 30. Re1 Nxf4 1/2-1/2

[Event "C.to Italiano Semifinale"]
[Site "Massafra ITA"]
[Date "2005.06.21"]
[Round "4"]
[White "Martorelli, Antonio"]
[Black "Ariete, Gerardo"]
[Result "0-1"]
[WhiteElo "2273"]
[BlackElo "2101"]
[PlyCount "66"]
[EventDate "2005.06.18"]

1. e4 e5 2. d4 exd4 3. Nf3 Nc6 4. Nxd4 Bc5 5. Nb3 Bb6 6. Nc3 d6 7. a4 a6 8. Nd5
Ba7 9. Qf3 Be6 10. Qg3 g6 11. Qc3 f6 12. Bc4 Bxd5 13. Bxd5 Qd7 14. O-O O-O-O
15. a5 g5 16. Bxg5 Ne5 17. Be3 Bxe3 18. Qxe3 Ne7 19. Nd4 Nxd5 20. exd5 Rdg8 21.
f4 Ng4 22. Qf3 h5 23. Ra3 h4 24. Rc3 Qa4 25. Ne6 Rh7 26. Qd3 Re7 27. Nxc7 Kb8
28. Ne6 Qxa5 29. Qd4 Qb5 30. Rd3 Rc8 31. Rc3 Rxc3 32. bxc3 Qe2 33. h3 Ne3 0-1

[Event "C.to Italiano Semifinale"]
[Site "Massafra ITA"]
[Date "2005.06.21"]
[Round "4"]
[White "Pizzuto, Samuele Tullio"]
[Black "Scalcione, Michelangelo"]
[Result "0-1"]
[WhiteElo "2181"]
[BlackElo "2242"]
[PlyCount "102"]
[EventDate "2005.06.18"]

1. e4 d6 2. d4 Nf6 3. Nc3 e5 4. Nf3 Nbd7 5. Be2 Be7 6. O-O O-O 7. h3 c6 8. a4
Qc7 9. Be3 b6 10. Nd2 a6 11. Re1 Bb7 12. dxe5 dxe5 13. Bf3 Rfd8 14. Qe2 b5 15.
a5 Bb4 16. Nb3 c5 17. Bd2 c4 18. Nd5 Nxd5 19. exd5 Bd6 20. Nc1 Re8 21. Be4 g6
22. g4 Nf6 23. Qf3 Nxe4 24. Qxe4 Qd7 25. Bh6 f6 26. Ne2 Rad8 27. Ng3 Bf8 28.
Qe3 Qxd5 29. Ne4 Qxe4 30. Qxe4 Bxe4 31. Bxf8 Bxc2 32. Bb4 Rd3 33. Rac1 Bb3 34.
Kg2 Kf7 35. Bc3 g5 36. h4 gxh4 37. f3 Red8 38. g5 Rg8 39. Kf2 Rxg5 40. Re3 Rxe3
41. Kxe3 h3 42. Rh1 Rg2 43. f4 Rg3+ 44. Ke4 Bc2+ 45. Kd5 exf4 46. Rh2 Bf5 47.
Rf2 Rg2 48. Rxg2 hxg2 49. Bd4 h5 50. Kc6 b4 51. Kb7 c3 0-1

[Event "C.to Italiano Semifinale"]
[Site "Massafra ITA"]
[Date "2005.06.22"]
[Round "5"]
[White "Astengo, Marcello"]
[Black "Martorelli, Antonio"]
[Result "0-1"]
[WhiteElo "2120"]
[BlackElo "2273"]
[PlyCount "50"]
[EventDate "2005.06.18"]

1. d4 Nf6 2. c4 g6 3. Nc3 Bg7 4. e4 d6 5. f3 O-O 6. Be3 Nc6 7. Nge2 Rb8 8. Qd2
a6 9. Ng3 e5 10. d5 Nd4 11. Nge2 c5 12. dxc6 bxc6 13. Nxd4 exd4 14. Bxd4 Qa5
15. Be2 c5 16. Bxf6 Bxf6 17. Nd1 Qd8 18. O-O Bd4+ 19. Kh1 f5 20. exf5 Bxf5 21.
Rc1 Qh4 22. b3 Rbe8 23. g3 Qe7 24. Re1 g5 25. g4 Bxg4 0-1

[Event "C.to Italiano Semifinale"]
[Site "Massafra ITA"]
[Date "2005.06.22"]
[Round "5"]
[White "Crudele, Michele"]
[Black "Cucinella, Vincenzo"]
[Result "0-1"]
[WhiteElo "1969"]
[BlackElo "2113"]
[PlyCount "110"]
[EventDate "2005.06.18"]

1. Nf3 c5 2. b3 d6 3. Bb2 e5 4. d3 Nf6 5. Nbd2 g6 6. g3 Bg7 7. Bg2 O-O 8. O-O
Nc6 9. e4 Ne8 10. Nc4 Be6 11. Ne3 f5 12. c4 f4 13. Nd5 g5 14. h3 h6 15. Nh2 Qd7
16. g4 Kf7 17. f3 Nf6 18. Kf2 Ne7 19. Nxe7 Qxe7 20. Rh1 Rh8 21. Nf1 h5 22. Nd2
Qd7 23. Qe2 Rh7 24. Rag1 Rah8 25. Nb1 Ng8 26. Nc3 Ne7 27. a3 Ng6 28. b4 b6 29.
b5 Nh4 30. Bf1 Nxf3 31. Qxf3 hxg4 32. hxg4 Rh2+ 33. Rxh2 Rxh2+ 34. Ke1 Rxb2 35.
Qh3 Kf8 36. Qh5 Rc2 37. Nd1 Qe7 38. Rh1 Qf6 39. Nf2 Bf7 40. Qh7 Bg6 41. Qh3 f3
42. Qg3 Qf4 43. Qxf4+ exf4 44. Nh3 Bf6 45. a4 Ra2 46. a5 bxa5 47. Nxg5 Bxg5 48.
Rh8+ Ke7 49. Ra8 Ra1+ 50. Kf2 Bh4+ 51. Kxf3 Rxf1+ 52. Kg2 Rf2+ 53. Kh3 Bg3 54.
Rxa7+ Ke6 55. g5 Rh2+ 0-1

[Event "C.to Italiano Semifinale"]
[Site "Massafra ITA"]
[Date "2005.06.22"]
[Round "5"]
[White "Di Michele, Rocco"]
[Black "Pizzuto, Samuele Tullio"]
[Result "0-1"]
[WhiteElo "2089"]
[BlackElo "2181"]
[PlyCount "38"]
[EventDate "2005.06.18"]

1. b3 d5 2. Bb2 Bg4 3. f3 Bh5 4. Nh3 e6 5. e4 dxe4 6. Qe2 c6 7. Qxe4 Bg6 8. Qc4
Nd7 9. d4 Bd6 10. Na3 Qa5+ 11. Bc3 Qxa3 12. d5 exd5 13. Qh4 Ngf6 14. Kd2 O-O-O
15. b4 d4 16. Bxd4 Qxb4+ 17. Ke3 Bc5 18. Rd1 Ne5 19. c4 Qc3+ 0-1

[Event "C.to Italiano Semifinale"]
[Site "Massafra ITA"]
[Date "2005.06.22"]
[Round "5"]
[White "Malta, Gaetano"]
[Black "Armentano, Alessio"]
[Result "0-1"]
[WhiteElo "1718"]
[BlackElo "2092"]
[PlyCount "98"]
[EventDate "2005.06.18"]

1. e4 c5 2. Nf3 Nc6 3. d4 cxd4 4. Nxd4 Nf6 5. Nc3 e5 6. Nxc6 bxc6 7. Bg5 Rb8 8.
Rb1 h6 9. Bxf6 Qxf6 10. Bc4 Bb4 11. O-O O-O 12. Qd3 d6 13. a3 Bc5 14. Na4 Bb6
15. Nxb6 axb6 16. Rbd1 Rd8 17. h3 Be6 18. Bxe6 Qxe6 19. Rfe1 d5 20. f4 d4 21.
fxe5 Qxe5 22. Rf1 c5 23. a4 Rd6 24. Rf5 Qe7 25. e5 Re6 26. Rdf1 Rf8 27. Qb5 Qc7
28. b3 g6 29. Rf6 Qxe5 30. Rxe6 Qxe6 31. Qd3 Re8 32. Rf3 Qe2 33. Qxe2 Rxe2 34.
Rf2 Re3 35. Rf6 Re6 36. Rf2 f5 37. h4 Kg7 38. Kf1 Kf6 39. Re2 Rxe2 40. Kxe2 Ke5
41. Kd3 Kd5 42. Ke2 Ke4 43. g3 g5 44. hxg5 hxg5 45. Kf2 f4 46. gxf4 gxf4 47.
Ke2 f3+ 48. Kf2 Kf4 49. Kf1 Ke3 0-1

[Event "C.to Italiano Semifinale"]
[Site "Massafra ITA"]
[Date "2005.06.22"]
[Round "5"]
[White "Scalcione, Michelangelo"]
[Black "Delfino, Luigi"]
[Result "1/2-1/2"]
[WhiteElo "2242"]
[BlackElo "2078"]
[PlyCount "30"]
[EventDate "2005.06.18"]

1. Nf3 g6 2. c4 Nf6 3. Nc3 d5 4. Qa4+ Bd7 5. Qb3 dxc4 6. Qxc4 c5 7. e4 Nc6 8.
Qxc5 e5 9. Qc4 Rc8 10. Qb3 Bc5 11. Be2 O-O 12. O-O Ng4 13. d3 Nd4 14. Nxd4 Bxd4
15. Bxg4 Bxg4 1/2-1/2

[Event "C.to Italiano Semifinale"]
[Site "Massafra ITA"]
[Date "2005.06.23"]
[Round "6"]
[White "Ariete, Gerardo"]
[Black "Crudele, Michele"]
[Result "1-0"]
[WhiteElo "2101"]
[BlackElo "1969"]
[PlyCount "113"]
[EventDate "2005.06.18"]

1. e4 Nc6 2. d4 d5 3. e5 Bf5 4. Nf3 e6 5. c3 Nge7 6. Bd3 Qd7 7. Na3 h6 8. b4
Bxd3 9. Qxd3 Ng6 10. Nc2 a5 11. a3 axb4 12. axb4 Rxa1 13. Nxa1 Be7 14. Bd2 O-O
15. O-O Ra8 16. Nb3 Ra2 17. Rb1 b6 18. Ne1 Bf8 19. Nc2 Ra8 20. g3 Nce7 21. h4
f5 22. Nc1 Qe8 23. Ne2 Ra2 24. b5 Nc8 25. Nb4 Bxb4 26. Rxb4 c5 27. bxc6 Qxc6
28. Nc1 Ra7 29. Qb1 Nf8 30. Nd3 Nh7 31. Kg2 g5 32. hxg5 hxg5 33. Ne1 Qe8 34.
Nf3 Qh5 35. Qc1 Rg7 36. c4 Rc7 37. Bxg5 Rg7 38. Bh4 Ne7 39. Bxe7 Rxe7 40. cxd5
f4 41. Qxf4 Rf7 42. Qe3 Ra7 43. Qe1 Rf7 44. Qc3 Nf8 45. dxe6 Nxe6 46. d5 Nc5
47. Qe3 Rg7 48. Rxb6 Nd7 49. Rh6 Qf5 50. Rh4 Nf8 51. Rf4 Qh5 52. Nh4 Nh7 53.
Rc4 Qd1 54. Rc8+ Nf8 55. Qf3 Qxf3+ 56. Nxf3 Rh7 57. e6 1-0

[Event "C.to Italiano Semifinale"]
[Site "Massafra ITA"]
[Date "2005.06.23"]
[Round "6"]
[White "Delfino, Luigi"]
[Black "Armentano, Alessio"]
[Result "1-0"]
[WhiteElo "2078"]
[BlackElo "2092"]
[PlyCount "120"]
[EventDate "2005.06.18"]

1. e4 c5 2. Nf3 d6 3. d4 cxd4 4. Nxd4 Nf6 5. Nc3 a6 6. Bc4 e6 7. Bb3 Be7 8. f4
Qc7 9. f5 e5 10. Nde2 Nbd7 11. Bg5 O-O 12. Ng3 h6 13. Bxf6 Nxf6 14. Nh5 Qc5 15.
Nxf6+ Bxf6 16. Nd5 Bd8 17. Qf3 Kh7 18. O-O-O a5 19. Nc3 Bd7 20. Rd5 Qb4 21. a3
Qb6 22. Qd3 Be7 23. f6 gxf6 24. Rf1 Rg8 25. g3 Bh3 26. Rb5 Bxf1 27. Qxf1 Qe3+
28. Kb1 Qg5 29. Rxb7 Bd8 30. Qc4 Rg7 31. Qc6 f5 32. Bxf7 Be7 33. Bd5 Rf8 34.
exf5 Kh8 35. Be4 Rxf5 36. Bxf5 Qxf5 37. Qe4 Qxe4 38. Nxe4 d5 39. Nc3 d4 40. Ne4
Rg4 41. Rxe7 Rxe4 42. Kc1 Re2 43. Kd1 d3 44. cxd3 Rxb2 45. Rxe5 Rb3 46. Rxa5
Rxd3+ 47. Ke2 Rb3 48. g4 Rb2+ 49. Kf3 Rxh2 50. Rh5 Ra2 51. Rxh6+ Kg7 52. Ra6
Ra1 53. Kf4 Ra2 54. Kg5 Ra1 55. Ra7+ Kf8 56. Kg6 Ra2 57. g5 Ra1 58. Ra8+ Ke7
59. Kg7 Ra2 60. g6 Ra1 1-0

[Event "C.to Italiano Semifinale"]
[Site "Massafra ITA"]
[Date "2005.06.23"]
[Round "6"]
[White "Malta, Gaetano"]
[Black "Di Michele, Rocco"]
[Result "1-0"]
[WhiteElo "1718"]
[BlackElo "2089"]
[PlyCount "101"]
[EventDate "2005.06.18"]

1. e4 c6 2. d4 d5 3. exd5 cxd5 4. Bd3 Nc6 5. c3 Nf6 6. Bf4 Bg4 7. Qb3 Qd7 8. h3
Bh5 9. Nd2 e6 10. Ngf3 Bxf3 11. Nxf3 Bd6 12. Bxd6 Qxd6 13. Qxb7 Rb8 14. Qa6 O-O
15. Rb1 Rb6 16. Qa4 Rfb8 17. Qc2 e5 18. dxe5 Nxe5 19. Nxe5 Qxe5+ 20. Qe2 Qxe2+
21. Kxe2 Rxb2+ 22. Kf3 Kf8 23. Rhe1 R8b6 24. Rxb2 Rxb2 25. Re2 Rb6 26. Re3 g6
27. Bc2 Rb2 28. Bb3 Rd2 29. Re2 Ne4 30. Rxd2 Nxd2+ 31. Ke3 Nxb3 32. axb3 Ke7
33. Kd4 Kd6 34. b4 a6 35. h4 f6 36. g3 g5 37. hxg5 fxg5 38. g4 h6 39. f3 Ke6
40. Kc5 Ke5 41. Kb6 Kf4 42. Kxa6 Kxf3 43. b5 h5 44. gxh5 g4 45. h6 g3 46. h7 g2
47. h8=Q g1=Q 48. Qf6+ Ke2 49. Qe5+ Kf3 50. Qxd5+ Ke2 51. Qe4+ 1-0

[Event "C.to Italiano Semifinale"]
[Site "Massafra ITA"]
[Date "2005.06.23"]
[Round "6"]
[White "Martorelli, Antonio"]
[Black "Scalcione, Michelangelo"]
[Result "0-1"]
[WhiteElo "2273"]
[BlackElo "2242"]
[PlyCount "54"]
[EventDate "2005.06.18"]

1. e4 e5 2. Nf3 d6 3. d4 exd4 4. Nxd4 Nf6 5. Nc3 Be7 6. Bf4 O-O 7. Qd2 a6 8.
O-O-O b5 9. f3 c5 10. Nb3 c4 11. Nd4 b4 12. Nd5 Nxd5 13. exd5 c3 14. bxc3 bxc3
15. Qxc3 Bg5 16. g3 Bxf4+ 17. gxf4 Qf6 18. Rg1 Nd7 19. Rd2 Rb8 20. h4 Nc5 21.
h5 Re8 22. Rxg7+ Kf8 23. Rg1 Re1+ 24. Rd1 Rb1+ 25. Kxb1 Rxd1+ 26. Kb2 Na4+ 27.
Kb3 Nxc3 0-1

[Event "C.to Italiano Semifinale"]
[Site "Massafra ITA"]
[Date "2005.06.23"]
[Round "6"]
[White "Pizzuto, Samuele Tullio"]
[Black "Cucinella, Vincenzo"]
[Result "1/2-1/2"]
[WhiteElo "2181"]
[BlackElo "2113"]
[PlyCount "27"]
[EventDate "2005.06.18"]

1. e4 c5 2. Nc3 Nc6 3. g3 g6 4. Bg2 Bg7 5. d3 d6 6. Be3 Rb8 7. Qd2 b5 8. Nge2
b4 9. Nd1 Nd4 10. c3 Nxe2 11. Qxe2 bxc3 12. bxc3 e6 13. O-O Ne7 14. Qd2 1/2-1/2

[Event "C.to Italiano Semifinale"]
[Site "Massafra ITA"]
[Date "2005.06.24"]
[Round "7"]
[White "Armentano, Alessio"]
[Black "Crudele, Michele"]
[Result "0-1"]
[WhiteElo "2092"]
[BlackElo "1969"]
[PlyCount "102"]
[EventDate "2005.06.18"]

1. e4 Nc6 2. d4 d5 3. Nc3 e6 4. e5 Nge7 5. Bg5 h6 6. Bxe7 Qxe7 7. a3 Bd7 8. Nf3
f5 9. b4 Nd8 10. Nd2 a5 11. b5 Nf7 12. b6 cxb6 13. Qb1 Qd8 14. Bb5 Bc6 15. Na4
Rc8 16. c3 Be7 17. Qb3 O-O 18. O-O Bxb5 19. Qxb5 Rc6 20. Rfb1 Qc7 21. Rb3 Bd8
22. Rab1 Qe7 23. Qd3 Ng5 24. f3 h5 25. c4 h4 26. cxd5 exd5 27. Qb5 Qf7 28. Nc3
Qg6 29. Qxd5+ Kh8 30. Kh1 h3 31. g3 f4 32. g4 Qd3 33. Qb5 Qxd2 34. Qe2 Qxd4 35.
Rd1 Qc5 36. Rd3 Ne6 37. Rb1 Nd4 38. Qf1 Qc4 39. Rbd1 Ne6 40. Qxh3+ Kg8 41. Nd5
Qa2 42. Qh5 Qe2 43. R3d2 Qxf3+ 44. Kg1 Ng5 45. Rd3 Qe4 46. Nc3 Rxc3 47. Rxc3 b5
48. e6 Bb6+ 49. Kf1 Qh1+ 50. Ke2 f3+ 51. Kd2 Rd8+ 0-1

[Event "C.to Italiano Semifinale"]
[Site "Massafra ITA"]
[Date "2005.06.24"]
[Round "7"]
[White "Cucinella, Vincenzo"]
[Black "Martorelli, Antonio"]
[Result "1-0"]
[WhiteElo "2113"]
[BlackElo "2273"]
[PlyCount "127"]
[EventDate "2005.06.18"]

1. d4 Nf6 2. Nf3 g6 3. c4 Bg7 4. Nc3 O-O 5. e4 d6 6. h3 Na6 7. Bd3 e5 8. d5 Nh5
9. g3 Nc5 10. Bc2 a5 11. Nd2 Bh6 12. Nb3 Bxc1 13. Qxc1 f5 14. Nxc5 dxc5 15.
exf5 gxf5 16. Qh6 Ng7 17. O-O-O Ra6 18. Qe3 Qe7 19. Rhe1 e4 20. f3 Rg6 21. fxe4
fxe4 22. g4 Qh4 23. Nxe4 b6 24. Rf1 Qd8 25. Rxf8+ Qxf8 26. Ng3 Rf6 27. Qe4 Rh6
28. Rf1 Qd6 29. Qf3 Qe7 30. Ne4 Ne8 31. Qg3 Bd7 32. Re1 Qg7 33. Nf2 Rf6 34. g5
Rf8 35. h4 Qd4 36. Ne4 Kh8 37. Rd1 Qg7 38. Qe3 Qe5 39. Re1 Qg7 40. a3 Bf5 41.
Kb1 Bd7 42. Ng3 Nd6 43. Nh5 Nxc4 44. Nxg7 Nxe3 45. Rxe3 Kxg7 46. Re7+ Rf7 47.
Rxf7+ Kxf7 48. Bxh7 Bg4 49. Be4 b5 50. Kc2 Ke7 51. Kd2 Kd6 52. Ke3 Ke5 53. Bg6
Kd6 54. h5 Ke7 55. h6 Kf8 56. Bd3 c4 57. Be2 Bd7 58. Kd4 a4 59. Bd1 Bf5 60. Kc5
Bd7 61. Bc2 Kg8 62. Kd4 Bg4 63. g6 Be2 64. Bf5 1-0

[Event "C.to Italiano Semifinale"]
[Site "Massafra ITA"]
[Date "2005.06.24"]
[Round "7"]
[White "Delfino, Luigi"]
[Black "Ariete, Gerardo"]
[Result "1/2-1/2"]
[WhiteElo "2078"]
[BlackElo "2101"]
[PlyCount "81"]
[EventDate "2005.06.18"]

1. e4 e5 2. Nf3 Nc6 3. d4 exd4 4. c3 d3 5. Bxd3 Be7 6. O-O d6 7. Bf4 Bg4 8.
Nbd2 Nf6 9. Qa4 O-O 10. h3 Bc8 11. Rad1 Nd7 12. Bb5 Nc5 13. Qc2 a6 14. Bc4 Ne6
15. Bg3 f6 16. Qb3 Qd7 17. Nd4 Ncxd4 18. cxd4 Kh8 19. Bxe6 Qxe6 20. d5 Qd7 21.
f4 Qb5 22. f5 Bd7 23. Rc1 Rfc8 24. Qxb5 axb5 25. a3 Ra4 26. Rf3 c5 27. b4 b6
28. Bf4 Kg8 29. Kf2 Kf7 30. Rb3 g5 31. Be3 Bf8 32. Nb1 h5 33. g4 Be7 34. Nc3
Ra6 35. Nb1 Rh8 36. Kg3 Raa8 37. Rb2 Bd8 38. Rcc2 Bc7 39. Rh2 Kg7 40. Rbg2 Ra4
41. Rb2 1/2-1/2

[Event "C.to Italiano Semifinale"]
[Site "Massafra ITA"]
[Date "2005.06.24"]
[Round "7"]
[White "Pizzuto, Samuele Tullio"]
[Black "Malta, Gaetano"]
[Result "1-0"]
[WhiteElo "2181"]
[BlackElo "1718"]
[PlyCount "45"]
[EventDate "2005.06.18"]

1. e4 c5 2. Nf3 e6 3. b3 Nf6 4. e5 Nd5 5. c4 Nb6 6. d4 cxd4 7. Qxd4 d6 8. exd6
Qxd6 9. Qe4 Qc6 10. Qc2 Be7 11. Bd3 h6 12. Bb2 O-O 13. O-O N8d7 14. Nbd2 Bf6
15. Nd4 Qc5 16. Ne4 Qe7 17. a4 Nc5 18. Nxf6+ gxf6 19. Bh7+ Kh8 20. Rfe1 e5 21.
a5 Nbd7 22. Nf5 Qe6 23. Qd2 1-0

[Event "XVII Coppa Europa a squadre ICSC"]
[Site "Piestany SVK"]
[Date "2005.06.22"]
[Round "1.1"]
[White "Cehic, Goran"]
[Black "Bokros, Istvan"]
[Result "1-0"]
[WhiteElo "2145"]
[BlackElo "2135"]
[PlyCount "87"]
[EventDate "2005.06.22"]

1.c4 e6 2.e4 c5 3.Nf3 Nc6 4.Nc3 a6 5.Be2 Qc7 6.O-O Nf6 7.d3 Bd6 8.h3 Nd4 
9.Nxd4 cxd4 10.Nb1 Bh2+ 11.Kh1 Bf4 12.Nd2 e5 13.b4 d6 14.Nb3 b6 15.Bxf4 
exf4 16.Nxd4 g5 17.Nf5 Kf8 18.Nh6 Kg7 19.Ng4 Bxg4 20.hxg4 Kg6 21.Kg1 h5 
22.gxh5+ Nxh5 23.Bxh5+ Rxh5 24.Qg4 Rah8 25.f3 Qe7 26.Qf5+ Kg7 27.a3 Qa7 
28.d4 R8h6 29.e5 Qc7 30.Rfc1 Re6 31.c5 bxc5 32.bxc5 dxc5 33.Rxc5 Qb6 34.
Rac1 Reh6 35.Qc2 Rh2 36.e6 Rh1+ 37.Kf2 Rxc1 38.Qxc1 Rxe6 39.Rxg5+ Kh6 40.
Qxf4 Qb2+ 41.Kg1 Qa1+ 42.Kh2 Rg6 43.Rf5+ Kh7 44.Rxf7+ 1-0

[Event "XVII Coppa Europa a squadre ICSC"]
[Site "Piestany SVK"]
[Date "2005.06.22"]
[Round "1.2"]
[White "Mate, Balazs"]
[Black "Deancovich, Patrizio"]
[Result "1-0"]
[WhiteElo "2153"]
[BlackElo "1452"]
[PlyCount "49"]
[EventDate "2005.06.22"]

1.d4 Nf6 2.c4 d5 3.Nc3 e6 4.Bg5 Be7 5.e3 Nc6 6.Nf3 O-O 7.Rc1 a6 8.Bd3 Nb4 
9.Be2 c5 10.a3 Nc6 11.cxd5 exd5 12.dxc5 Be6 13.b4 Re8 14.O-O Ne4 15.Bxe7 
Rxe7 16.Qc2 f6 17.Rfd1 Rd7 18.Nd4 Nxd4 19.Rxd4 Rc8 20.Rcd1 Rcc7 21.Na4 Rc6
22.Qd3 b5 23.cxb6 Rc3 24.Nxc3 Qxb6 25.Nxd5 1-0